Why globalization works / (Registro nro. 10671)

Detalles MARC
000 -LIDER
fixed length control field 00814nam a22002657a 4500
001 - NÚMERO DE CONTROL
Identificador de número de control 000347
003 - IDENTIFICACDOR DE NÚMERO DE CONTROL
control field DO-SdBNP
005 - DATE AND TIME OF LATEST TRANSACTION
control field 20171109104706.0
007 - CAMPOS FIJOS DE DESCRIPCIÓN FÍSICA
fixed length control field 000347
008 - ELEMENTOS DE LONGITUD FIJA
fixed length control field 160704b 2004 xxu xxu||||| |||| 00| 0 spa d
020 ## - ISBN
International Standard Book Number 9780300107777
040 ## - FUENTE DE CATALOGACIÓN
Agencia que crea de manera original el registro BPMSU
Idioma de catalogación spa
Agencia que realiza la transcripción BPMSU
082 #4 - NÚMERO DE CLASIFICACIÓN DECIMAL DE DEWEY
Classification number 337
Item number W853w
100 1# - ASIENTO PRINCIPAL -- NOMBRE PERSONAL
Nombre personal Wolf, Martin,
Fechas asociadas con el nombre 1946-
245 10 - MENCIÓN DE TITULO
Título Why globalization works /
Mención de responsabilidad Martin Wolf.
260 0# - PUBLICACIÓN, DISTRIBUCIÓN, ETC. (PIE DE IMPRENTA)
Lugar de publicación, distribución, etc New Haven :
Nombre del editor, distribuidor, etc. Yale Nota Bene/Yale University Press,
Fecha de publicación, distribución, etc 2005.
300 ## - DESCRIPCIÓN FÍSICA
Extensión xviii, 398 p. :
Otros detalles físicos il. ;
Dimensiones 25 cm.
504 ## - NOTA DE BIBLIOGRAFÍA, ETC.
Bibliography, etc Bibliografía: p.364-380
650 #4 - ENCABEZAMIENTO DE MATERIA--TEMÁTICO
Término temático o nombre geográfico como elemento de entrada GLOBALIZACIÓN
Subdivisión temática general ASPECTOS ECONÓMICOS
650 #4 - ENCABEZAMIENTO DE MATERIA--TEMÁTICO
Término temático o nombre geográfico como elemento de entrada ECONOMIA INTERNACIONAL
910 ## - VALIDACIÓN
Validación Validado. Control de calidad MFF
942 ## - ADDED ENTRY ELEMENTS (KOHA)
Source of classification or shelving scheme Dewey Decimal Classification
Koha item type Libros
945 ## - INFORMACIÓN DE PROCESAMIENTO LOCAL
Información de procesamiento local Inventariado,2017/MFF
956 ## - LOCAL ELECTRONIC LOCATION AND ACCESS (OCLC)
Método de acceso LOPEREZ
Materiales especificados 10
Enlace 20160704
Campo enlazado y núm. de secuencia BPMSU
Nombre de host 00041
Existencias
Withdrawn status Lost status Source of classification or shelving scheme Damaged status Not for loan Collection code Home library Current library Date acquired Source of acquisition Total Checkouts Full call number Barcode Date last seen Price effective from Koha item type
    Dewey Decimal Classification     Colección General Biblioteca Pública Metropolitana Salomé Ureña Biblioteca Pública Metropolitana Salomé Ureña 07/04/2016 Roberto Antonio Férnandez   337 W853w BPMSU16070052 07/04/2016 07/04/2016 Libros